Data and computer communications : networking and internetworking (Record no. 881793)

MARC details
000 -LEADER
fixed length control field 00419nam a2200157Ia 4500
008 - FIXED-LENGTH DATA ELEMENTS--GENERAL INFORMATION
fixed length control field 231011s2012 xx 000 0 und d
020 ## - INTERNATIONAL STANDARD BOOK NUMBER
International Standard Book Number 9780850000000
041 ## - LANGUAGE CODE
Language code of text/sound track or separate title eng
082 ## - DEWEY DECIMAL CLASSIFICATION NUMBER
Classification number 004.6/HUR/SIN
100 ## - MAIN ENTRY--PERSONAL NAME
Personal name Gurdeep S. Hura, Mukesh Singhal
245 ## - TITLE STATEMENT
Title Data and computer communications : networking and internetworking
250 ## - EDITION STATEMENT
Edition statement 1st
260 ## - PUBLICATION, DISTRIBUTION, ETC.
Place of publication, distribution, etc. US
Name of publisher, distributor, etc. CRC PRESS
Date of publication, distribution, etc. 2012
300 ## - PHYSICAL DESCRIPTION
Extent 1140
365 ## - TRADE PRICE
Price amount 1495

No items available.